00820nam a2200205 a 4500008004100000020001500041050001500056100001700071245007100088250001200159260003600171300002100207350000900228650001300237650001900250700001800269995017600287999001700463952013400480160215s2011 ||||||||||||||||| || u a1872748694 aQH 431 Str aRead, Andrew10aHuman molecular genetics. (4th ed.)cby Tom Strachan , Andrew Read a4th ed. aNew YorkbGarland Sciencec2011 axxv, 781p.: ill. a0.00 0aGENETICS aHUMAN GENETICS aStrachan, Tom aMEDICAL LIBRARY OPEN ACCESSe903569FCBU-SCHOOL OF MEDICINE LIBRARY (Ndola)I155.00jQH 431 StrM1UAVAILABLEWFeb 15, 2016y903569ZMedical Library Open Access Collection c31732d31732 00102lcc4070a002b002cMedical Library Open Access Collectiond2022-11-30l0oQH 431 Strp903569r2022-11-30w2022-11-30y002